MDQL
is popping MORE tags! Check the
thread
!
Quizzes
Events
Quiz Creation
Community
Videos
Private Events
Remove Ads
Sign In
Join for FREE
Feedback
Dark Mode
Quiz Categories
Sports
Geography
Music
Movies
Television
Just For Fun
Miscellaneous
History
Literature
Language
Science
Gaming
Entertainment
Religion
Holiday
For Kids
Quiz Lab
Recent
Popular Today
Quiz Kudos Today
Editor Picks
Curator Picks
Quizzes by...
Day
Popularity
Type
Ratings
Length
Year
Community
Subscriptions
Recent Discussions
Orange Saloon
Badges
Playlists
Quests
Create
Leaderboards
Showdown
Live 5
Trivia Bingo
Activity
Puzzle Library
Sporcle Events
Private Events
Virtual Trivia
Globe League
Become a Host
Pub Owners
SporcleCon
Opinionation
Our Games
Videos
Blog
Mobile Apps
Partnerships
Remove Ads and Go Orange
Feedback
Sports
Athletes
MLB
NBA
NHL
NFL
Soccer
Sports Teams
WWE
NCAA
Football
Premier League
Basketball
Baseball
Hockey
Golf
Tennis
Cricket
Rugby
Auto Racing
Olympics
World Cup
Sports
Athletes
MLB
NBA
NHL
NFL
Soccer
Sports Teams
WWE
NCAA
Football
Premier League
Basketball
Baseball
Hockey
Golf
Tennis
Cricket
Rugby
Auto Racing
Olympics
World Cup
Random Quiz
Search Sporcle
×
Quiz Lab
Quiz Lab
Sports
NFL
Type in answers that appear in a list
Type in answers that appear in a list
Classic
Best Score? Go Orange.
NFL Name the Williams?? 2010 Stats
Can you name the NFL Name the Williams?? 2010?
By
Romper04345
5m
41 Questions
90 Plays
90 Plays
90 Plays
Comments
Comments
Give Quiz Kudos
Give Quiz Kudos
-
- Ratings
hide this ad
Replay
Link that replays current quiz
Next Quiz
Link to next quiz in quiz playlist
You Got
0%
They Got
Avg Score
28%
Avg Friend Score
Upgrade to see
Score Distribution
Jump to the score distribution portion of the page
Score
0/41
Timer
05:00
0
Plays Today
Team/Position
% Correct
Seahawks /
WR
Mike
91.1%
Buccaneers /
WR
Mike
91.1%
Bengals /
S
Roy
82.2%
Cowboys /
WR
Roy
82.2%
Dolphins /
RB
Ricky
81.1%
Vikings /
DT
Kevin
68.9%
Panthers /
RB
DeAngelo
65.6%
Vikings /
DT
Pat
64.4%
Buccaneers /
RB
Cadillac
60%
Texans /
DE
Mario
51.1%
Cardinals /
DT
Dan
38.9%
Broncos /
LB
D.J.
35.6%
Bills /
DT
Kyle
26.7%
49ers /
WR
Kyle
26.7%
Falcons /
CB
Brian
25.6%
Packers /
CB
Tramon
23.3%
Panthers /
LB
Jason
23.3%
Redskins /
OT
Trent
22.2%
Lions /
WR
Derrick
22.2%
Redskins /
RB
Keiland
21.1%
Lions /
CB
Jack
16.7%
Team/Position
% Correct
Redskins /
WR
Roydell
15.6%
Bears /
G
Chris
15.6%
Vikings /
S
Madieu
15.6%
Broncos /
DT
Jamal
13.3%
Raiders /
LB
Sam
11.1%
Cardinals /
WR
Stephen
11.1%
Lions /
DT
Corey
11.1%
Chiefs /
LB
Demorrio
8.9%
Cowboys /
LB
Brandon
8.9%
Bengals /
G
Bobbie
6.7%
Browns /
WR
Demetrius
5.6%
Ravens /
CB
Cary
4.4%
Titans /
WR
Damian
4.4%
Cowboys /
LB
Leon
4.4%
Chiefs /
WR
Chandler
2.2%
Coyboys /
WR
Teddy
2.2%
Bears /
C
Edwin
2.2%
Panthers /
OT
Garry
2.2%
Texans /
S
Torri
1.1%
Panthers /
LB
Jamar
1.1%
Quiz Playlist
Details
Report
Send in Message
Add To Playlist
Classic:
Type in answers that appear in a list
Last Updated: Feb 16, 2017
Quiz Scoreboard
CHALLENGE
Sign Up to Join the Scoreboard
Show All
Scores
Hide
Comments
May contain spoilers
Recently Published
1-10 Letter E Words III
by El_Dandy
Language
2m
Street Fighter Characters
by Artimus82
Gaming
60s
College Basketball Coaching Resumes
by pancakes188
Sports
9m
More to Explore
Quiz From the Vault
Featured Blog Post
Where Did the Easter Bunny Come From?
hide this ad
You Might Also Like...
Tags
Football Quiz
NFL Quiz
2010
name
team
William
Today's Top Quizzes in Sports
Browse Sports
hide this ad
Today's Top Quizzes in NFL
Browse NFL
Top Contributed Quizzes in Sports
1
2022 World Cup Stars
2
Les meilleurs buteurs des matchs entre le PSG et l’OM
3
FIFA Club World Cup Champions
4
Les entraîneurs de l'OM et du PSG au 21e siècle
5
Criteria MLB: Left Handed Sluggers
6
2023 MLB Unique Player Accomplishments
7
AFC Teams Reveal (Wrong Answers Minefield)
8
Players with Multiple 50 Home Run Seasons
9
5-to-1: FBS Animal Nicknames
10
5-to-1: UK Sports Teams
Explore More
Trending Topics
Crossword
Anime
Harry Potter
Marvel
Kpop
Disney
NBA
Country
Soccer
WWE
Pokémon
Song
Puzzle
The Office
NFL
hide this ad
More By:
Romper04345
Quiz
Plays
Rating
Category
Featured
Created
WWE / WWF Wrestlers Weighing 290 and Over
12,487
4.11
Sports
Feb 4, 2012
Family Feud
6,346
3.22
Entertainment
Feb 16, 2011
WWE Wrestling Trivia
3,817
3.93
Sports
Jan 15, 2011
NFL Players by Jersey Number (2010)
3,104
3.48
Sports
Dec 29, 2010
NFL Cryptogram
3,070
4.39
Sports
Feb 1, 2011
Go to Creator's Profile
Score Distribution
Quiz Creator Spotlight
Romper04345
Follow
Send a Message
Quizzes Created
-
Created Quiz Play Count
-
More By This Creator
Popular Quizzes Today
1
Find the US States - No Outlines Minefield
2
Find the Countries of Europe - No Outlines Minefield
3
The Countries of the World
4
Find the US States
5
Risky Map Clicking: Biggest States A-Z
6
US States
7
Popular People in 1961
8
Movies - When Are They Set?
More Sports Quizzes
250 Strikeout Seasons Since 2010
Quiz Lab
Trending Quizzes
Risky Map Clicking: Least Populous States A-Z
Billboard Blitz: Aretha Franklin
Famous Russians: Author or Composer?
1-10 Letter G Words
Countries of the World: 200 Million BC
Recently Updated
Leaping Animals
pecheneg
Reality TV Shows (A-Z)
bhenderson79
Rickey Henderson's Hall of Fame Teammates
pecheneg
Champions League XIs: Arsenal
pecheneg
Quick Pick: Celebrities in WWE's Hall of Fame
aduchscher
A-Z Keypad Blitz II
pecheneg
Multiple Oscar Actors
pecheneg
Mystery Phrase Blitz: Oscar 'Best Actors'
pecheneg
F. Scott Fitzgerald Novels
LTH
Pick 3 Villains
ddd62291
Trending Topics
NBA
Kpop
Disney
Marvel
Anime
Harry Potter
Crossword
Puzzle
Pokémon
WWE
Soccer
Song
NFL
Country
The Office
Your Account Isn't Verified!
In order to create a playlist on Sporcle, you need to verify the email address you used during registration. Go to your
Sporcle Settings
to finish the process.
Report this User
Report this user for behavior that violates our
Community Guidelines
.
Details:
Send Report
Go to the Sporcle.com Mobile Site →
Comments